LEADER 02287nam0 22004451i 450 001 UON00043952 005 20231205102158.30 100 $a20020107d1952 |0itac50 ba 101 $asyr$aLAT 102 $aLB 105 $a|||| 1|||| 200 1 $aBiblia sacra juxta versionem simplicem quae dicitur Peshitta 210 $aBeryti$ctypis typographiae Catholicae$d1951 215 $a3 v.$d24 cm 312 $ain siriaco$9UON00352036 316 $aAltri inv. 117999-118000$5IT-UONSI SIPAVI SRA/005 (1-3) 316 $aGią inv. SEM 241$5IT-UONSI SIPAVI SRA/005 (2) 316 $aGią inv. SEM 241$5IT-UONSI SIPAVI SRA/005 (3) 500 0$3UON00352036$aBibbia. Antico Testamento$955281 606 $aANTICO TESTAMENTO$xGENESI$3UONC002751$2FI 606 $aANTICO TESTAMENTO$xGIUDICI$3UONC012874$2FI 606 $aANTICO TESTAMENTO$xSALMI$3UONC012876$2FI 606 $aBIBBIA$xVecchio Testamento$xSalomone$3UONC013000$2FI 606 $aANTICO TESTAMENTO$xESODO$3UONC013195$2FI 606 $aANTICO TESTAMENTO$xSAMUELE$3UONC013196$2FI 606 $aBIBBIA$xVecchio Testamento$xBaruch$3UONC013204$2FI 606 $aBIBBIA$xVecchio Testamento$xRe$3UONC021809$2FI 620 $aLB$dBair?t$3UONL000162 686 $aSIPA VI SR A$cSIRIA E PALESTINA - LETTERATURA SIRIACA$2A 712 02$aPeshitta Institute$cLeiden$3UONV025009 712 $aTypographiae Catholicae$3UONV252892$4650 801 $aIT$bSOL$c20240220$gRICA 912 $aUON00043952 950 $aSIBA - SISTEMA BIBLIOTECARIO DI ATENEO$dSI SIPA VI SR A 005 (1-3) $eSI SEM241 5 005 (1-3) Altri inv. 117999-118000 950 $aSIBA - SISTEMA BIBLIOTECARIO DI ATENEO$dSI SIPA VI SR A 005 (2) $eSI SA 117999 5 005 (2) Gią inv. SEM 241 950 $aSIBA - SISTEMA BIBLIOTECARIO DI ATENEO$dSI SIPA VI SR A 005 (3) $eSI SA 118000 5 005 (3) Gią inv. SEM 241 966 $aBIBBIA - ANTICO TESTAMENTO - GENESI - COMMENTARI$yANTICO TESTAMENTO - GENESI$3UONC011748 966 $aESEGESI BIBLICA - GENESI$yANTICO TESTAMENTO - GENESI$3UONC002168 996 $aBibbia. Antico Testamento$955281 997 $aUNIOR LEADER 02838nam 22005895 450 001 9910972880703321 005 20210114163106.0 010 $a9783110645262 010 $a3110645262 010 $a9783110648522 010 $a3110648520 024 7 $a10.1515/9783110648522 035 $a(CKB)4100000008350440 035 $a(DE-B1597)514033 035 $a(OCoLC)1102809725 035 $a(DE-B1597)9783110648522 035 $a(MiAaPQ)EBC5787261 035 $a(Perlego)966502 035 $a(EXLCZ)994100000008350440 100 $a20200406h20192019 fg 101 0 $aeng 135 $aur||||||||||| 181 $ctxt$2rdacontent 182 $cc$2rdamedia 183 $acr$2rdacarrier 200 10$aQuantum Field Theory /$fMichael V. Sadovskii 205 $a2nd ed. 210 1$aBerlin ;$aBoston : $cDe Gruyter, $d[2019] 210 4$d©2019 215 $a1 online resource (XII, 431 p.) 225 0 $aTexts and Monographs in Theoretical Physics 311 08$a9783110645156 311 08$a3110645157 327 $tFrontmatter -- $tPreface -- $tContents -- $t1. Basics of elementary particles -- $t2. Lagrange formalism. Symmetries and gauge fields -- $t3. Canonical quantization, symmetries in quantum field theory -- $t4. The Feynman theory of positron and elementary quantum electrodynamics -- $t5. Scattering matrix -- $t6. Invariant perturbation theory -- $t7. Exact propagators and vertices -- $t8. Some applications of quantum electrodynamics -- $t9. Path integrals and quantum mechanics -- $t10. Functional integrals: scalars and spinors -- $t11. Functional integrals: gauge fields -- $t12. The Weinberg-Salam model -- $t13. Renormalization -- $t14. Nonperturbative approaches -- $tBibliography -- $tIndex 330 $aThis book discusses the main concepts of the Standard Model of elementary particles in a compact and straightforward way. The theoretical results are derived using the physical phenomena as a starting point. This inductive approach allows a deep understanding of the methods used for solving problems in this field. This second, revised edition is expanded with biographical notes contextualizing the main results in quantum field theory. 606 $aQuantum field theory 606 $aKondensierte Materie 606 $aQuantenfeldtheorie 606 $aSCIENCE / Physics / Quantum Theory$2bisacsh 615 0$aQuantum field theory. 615 4$aKondensierte Materie. 615 4$aQuantenfeldtheorie. 615 7$aSCIENCE / Physics / Quantum Theory. 676 $a530.14/3 686 $aUO 4000$qSEPA$2rvk 700 $aSadovskii$b Michael V., $4aut$4http://id.loc.gov/vocabulary/relators/aut$0521356 801 0$bDE-B1597 801 1$bDE-B1597 906 $aBOOK 912 $a9910972880703321 996 $aQuantum Field Theory$94359698 997 $aUNINA